01401nam a2200337 a 4500001001200000003000800012006001900020007001500039008004100054010001700095020003000112020002700142040002100169035002100190050002600211082001500237100001900252245019000271260005600461300002100517490003600538504005100574533015200625650002000777650003300797650002400830655002900854710001700883830003700900856012600937ebr10671432CaPaEBRm u cr cn|||||||||100730s2010 nyuad sb 001 0 eng d z 2010029830 z9781617613180 (softcover) z9781613240533 (e-book) aCaPaEBRcCaPaEBR a(OCoLC)70989077414aQC174.13b.Y37 2010eb04a530.122221 aYarman, Tolga.14aThe quantum mechanical framework behind the end results of the general theory of relativityh[electronic resource] :bmatter is built on a universal matter architecture /cTolga Yarman. aHauppauge, N.Y. :bNova Science Publishers,cc2010. ax, 63 p. :bill.1 aPhysics research and technology aIncludes bibliographical references and index. aElectronic reproduction.bPalo Alto, Calif. :cebrary,d2013.nAvailable via World Wide Web.nAccess may be limited to ebrary affiliated libraries. 0aQuantum theory. 0aGeneral relativity (Physics) 0aDiatomic Molecules. 7aElectronic books.2local2 aebrary, Inc. 0aPhysics research and technology.40uhttp://site.ebrary.com/lib/rucke/Doc?id=10671432zAn electronic book accessible through the World Wide Web; click to view